Hoa và người Nhật /

Na minha lista:
Detalhes bibliográficos
Autor principal: Ohsawa.
Formato: Artigo
Idioma:Vietnamese
Assuntos:
Tags: Adicionar Tag
Sem tags, seja o primeiro a adicionar uma tag!
Thư viện lưu trữ: Thư viện Trường Đại học Đà Lạt
LEADER 00666nam a2200253 4500
001 DLU090101864
005 ##20091202
040 # # |a DLU  |b vie 
041 # # |a vie 
044 # # |a vn 
100 # # |a Ohsawa. 
245 # # |a Hoa và người Nhật /  |c Ohsawa. 
653 # # |a Bản sắc văn hoá 
653 # # |a Nhật Bản 
773 # # |t Văn hoá Nghệ thuật  |g Số 6, 1991, tr. 66-72 
920 # # |a Phòng Tạp chí -- Trung tâm Thông tin - Thư viện Trường Đại học Đà Lạt 
994 # # |a DLU 
900 # # |a True 
911 # # |a Đào Thị Thu Huyền 
925 # # |a G 
926 # # |a A 
927 # # |a BB 
980 # # |a Thư viện Trường Đại học Đà Lạt